000 00425cam a2200169 4500
001 D11931
008 090401t1955 xxu||||| |||| 00| 0 eng d
035 _a(Sirsi) u306
041 _aeng
245 4 _aThe Agricultural Landowner`s Handbook on Taxation. Parts 1 & 2
250 _a9th
260 _aLondon
_bCounty Landowner`s Association
_c1955
350 _a0
520 _aShelf 151
942 _n0
948 _c04/03/1997
999 _c85528
_d85528